Očakávať dvojciferné sadzby v bankách nie je reálne

Uložené v:
Podrobná bibliografia
Hlavný autor: Horvátová, Eva, 1958-
Médium: Kapitola
Jazyk:Slovak
Tagy: Pridať tag
Žiadne tagy, Buďte prvý, kto otaguje tento záznam!

MARC

LEADER 00000naa$a2200000$$$4500
001 0097828
005 20240502072059.9
041 0 |a slo 
044 |a SK 
245 1 0 |a Očakávať dvojciferné sadzby v bankách nie je reálne  |c Eva Horvátová 
100 1 |a Horvátová, Eva, 1958-